Online
Catalog

Hacia un ambiente no opresivo / (Record no. 19366)

MARC details
000 -CABECERA
campo de control de longitud fija 00760nam a2200217 a 4500
001 - NÚMERO DE CONTROL
campo de control 000019853
005 - FECHA Y HORA DE LA ÚLTIMA TRANSACCIÓN
campo de control 20200929170150.0
008 - DATOS DE LONGITUD FIJA--INFORMACIÓN GENERAL
campo de control de longitud fija 100708s1977 sp ad r 000 0 spa d
020 ## - NÚMERO INTERNACIONAL ESTÁNDAR DEL LIBRO
Número Internacional Estándar del Libro 8472141144
040 ## - FUENTE DE LA CATALOGACIÓN
Centro catalogador/agencia de origen DO-SdBNP
Lengua de catalogación spa
Centro/agencia transcriptor BNPHU
082 ## - NÚMERO DE LA CLASIFICACIÓN DECIMAL DEWEY
Número de clasificación xxx
Número de documento/Ítem T998h
049 ## - FONDOS LOCALES (OCLC)
Fondos de biblioteca BNGR
100 1# - ENTRADA PRINCIPAL--NOMBRE DE PERSONA
Nombre de persona Tzonis, Alexander,
Fechas asociadas al nombre 1937-
9 (RLIN) 42367
245 10 - MENCIÓN DE TÍTULO
Título Hacia un ambiente no opresivo /
Mención de responsabilidad, etc. Alexander Tzonis ; traducción María Teresa Muñoz.
260 ## - PUBLICACIÓN, DISTRIBUCIÓN, ETC.
Lugar de publicación, distribución, etc. Madrid :
Nombre del editor, distribuidor, etc. H. Blume Ediciones,
Fecha de publicación, distribución, etc. 1977.
300 ## - DESCRIPCIÓN FÍSICA
Extensión 143 p. :
Otras características físicas il., diag. ;
Dimensiones 21 cm.
490 1# - MENCIÓN DE SERIE
Mención de serie Serie arquitectura, urbanismo, sociedad
500 ## - NOTA GENERAL
Nota general Incluye datos biográficos del autor en la portada.
700 1# - PUNTO DE ACCESO ADICIONAL--NOMBRE DE PERSONA
Nombre de persona Muñoz, María Teresa,
Término indicativo de función/relación tr.
9 (RLIN) 42368
830 #0 - PUNTO DE ACCESO ADICIONAL DE SERIE-TÍTULO UNIFORME
Título uniforme Serie arquitectura, urbanismo, sociedad
9 (RLIN) 42369
Holdings
Estado de retiro Estado de pérdida Restricciones de uso No para préstamo Código de colección Localización permanente Ubicación/localización actual Ubicación en estantería Fecha de adquisición Número de inventario Total de préstamos Signatura topográfica completa Código de barras Fecha visto por última vez Precio válido a partir de Tipo de ítem Koha
        Monografías: Libros y Folletos General General En catalogación 08.07.2010 LF1   xxx T998h 19853-10 25.06.2020 25.06.2020 Préstamo en sala

Powered by Koha